[Event "POL-chT 2nd League"]
[Site "Polanica Zdroj"]
[Date "2004.09.10"]
[Round "9"]
[White "Gawronski, Miroslaw"]
[Black "Fereczkowski, Tadeusz"]
[Result "1-0"]
[WhiteElo "2213"]
[BlackElo "1800"]
[PlyCount "65"]
[EventDate "2004.09.04"]
[EventType "team-swiss"]
[EventRounds "11"]
[EventCountry "POL"]
[SourceTitle "CBM 102 Extra"]
[Source "ChessBase"]
[SourceDate "2004.11.03"]
[SourceVersion "1"]
[SourceVersionDate "2004.11.03"]
[SourceQuality "1"]
[WhiteTeam "Turek Tecza"]
[BlackTeam "Milanowek UKS Jedwabnik"]
[WhiteTeamCountry "POL"]
[BlackTeamCountry "POL"]

1. d4 d5 2. c4 e6 3. Nc3 Nf6 4. Bg5 Nbd7 5. e3 c6 6. Nf3 Be7 7. Rc1 0-0 8. h3 dxc4 9. Bxc4 Nd5 10. Bxe7 Qxe7 11. 0-0 N7f6 12. Re1 Rd8 13. Ne5 Nd7 14. Nf3 N7f6 15. Bd3 g6 16. a3 b6 17. Ne4 Bb7 18. Ne5 Rac8 19. Ng5 Rf8 20. Qa4 Nd7 21. Ngf3 Nxe5 22. Nxe5 b5 23. Qxa7 f6 24. Nf3 Ra8 25. Qc5 Rfc8 26. e4 Qxc5 27. Rxc5 Nf4 28. Bf1 Rd8 29. g3 Nh5 30. h4 Ng7 31. Be2 Ra5 32. Bd1 Ra7 33. Bb3 1-0

[Event "POL-chT 2nd League"]
[Site "Polanica Zdroj"]
[Date "2004.09.07"]
[Round "5"]
[White "Fereczkowski, Tadeusz"]
[Black "Szyszko Bohusz, Andrzej"]
[Result "0-1"]
[WhiteElo "1800"]
[BlackElo "2080"]
[PlyCount "41"]
[EventDate "2004.09.04"]
[EventType "team-swiss"]
[EventRounds "11"]
[EventCountry "POL"]
[SourceTitle "CBM 102 Extra"]
[Source "ChessBase"]
[SourceDate "2004.11.03"]
[SourceVersion "1"]
[SourceVersionDate "2004.11.03"]
[SourceQuality "1"]
[WhiteTeam "Milanowek UKS Jedwabnik"]
[BlackTeam "Krakow KKSz"]
[WhiteTeamCountry "POL"]
[BlackTeamCountry "POL"]

1. d4 d5 2. Nf3 Bg4 3. Nbd2 Nd7 4. c3 e6 5. g3 f5 6. Bg2 Bd6 7. c4 c6 8. Qb3 b6 9. Qe3 Qf6 10. cxd5 cxd5 11. Ng5 f4 12. Nge4 fxe3 13. Nxf6+ Ngxf6 14. fxe3 0-0 15. 0-0 Bxe2 16. Re1 Bd3 17. b3 Rac8 18. Nf3 Rc2 19. Ng5 Ne4 20. Nxe6 Rff2 21. Nf4 0-1

[Event "POL-chT 2nd League"]
[Site "Polanica Zdroj"]
[Date "2004.09.06"]
[Round "3"]
[White "Fereczkowski, Tadeusz"]
[Black "Murawski, Eugeniusz"]
[Result "0-1"]
[WhiteElo "1800"]
[BlackElo "2017"]
[PlyCount "62"]
[EventDate "2004.09.04"]
[EventType "team-swiss"]
[EventRounds "11"]
[EventCountry "POL"]
[SourceTitle "CBM 102 Extra"]
[Source "ChessBase"]
[SourceDate "2004.11.03"]
[SourceVersion "1"]
[SourceVersionDate "2004.11.03"]
[SourceQuality "1"]
[WhiteTeam "Milanowek UKS Jedwabnik"]
[BlackTeam "Srem LKS Piast"]
[WhiteTeamCountry "POL"]
[BlackTeamCountry "POL"]

1. d4 Nf6 2. c4 c5 3. d5 Ne4 4. Qc2 Qa5+ 5. Bd2 Nxd2 6. Qxd2 Qxd2+ 7. Nxd2 g6 8. e4 Bg7 9. Rb1 d6 10. Bd3 0-0 11. Ngf3 a5 12. a3 Na6 13. 0-0 Bd7 14. h3 Rab8 15. b3 Rfe8 16. Rfe1 f6 17. a4 Nb4 18. Bf1 Bh6 19. Rbd1 Kg7 20. g3 Kf7 21. Nb1 Bg7 22. Na3 h5 23. Nb5 Kg8 24. Nh4 Kh7 25. f4 Bxb5 26. axb5 Ra8 27. Nf3 a4 28. bxa4 Rxa4 29. Ra1 Rea8 30. Rxa4 Rxa4 31. Rd1 Ra3 0-1